[Event "BCF-chT3Sa 1819 (4NCL)"]
[Site "England"]
[Date "2019.04.13"]
[Round "7.15"]
[White "Ortiz Sanchez, Luis"]
[Black "Gilfillan, Andrew"]
[Result "1-0"]
[WhiteElo "1930"]
[BlackElo "2095"]
[PlyCount "115"]
[EventDate "2018.11.17"]
[EventType "team-tourn"]
[EventRounds "7"]
[EventCountry "ENG"]
[SourceTitle "EXT 2021"]
[Source "ChessBase"]
[SourceDate "2020.10.23"]
[SourceVersion "1"]
[SourceVersionDate "2020.10.23"]
[SourceQuality "1"]
[WhiteTeam "Iceni"]
[BlackTeam "Kings Head"]
[WhiteTeamCountry "ENG"]
[BlackTeamCountry "ENG"]

1. Nf3 c5 2. b3 d5 3. e3 Nf6 4. Bb2 Bg4 5. h3 Bh5 6. g4 Bg6 7. Ne5 Nbd7 8. Nxg6 hxg6 9. Bg2 e6 10. d3 Bd6 11. c4 Be5 12. Qc2 g5 13. Nd2 Qa5 14. Ke2 Bxb2 15. Qxb2 0-0-0 16. Nf3 Rhe8 17. Nxg5 Re7 18. Rac1 d4 19. Rhd1 Ne5 20. Rb1 Red7 21. Nf3 Nc6 22. a3 e5 23. b4 Qc7 24. bxc5 e4 25. Nxd4 Nxd4+ 26. exd4 Rxd4 27. dxe4 Rxc4 28. Rxd8+ Kxd8 29. Qxb7 Qxc5 30. Rd1+ Rd4 31. Qb8+ Ke7 32. Rxd4 Qxd4 33. Qb4+ Qxb4 34. axb4 g5 35. f4 Nh7 36. fxg5 Nxg5 37. Ke3 Kd6 38. Kf4 Ne6+ 39. Kf5 Ke7 40. g5 Nd4+ 41. Kf4 Ne6+ 42. Kg4 Kd6 43. Kf5 Ke7 44. h4 Nd4+ 45. Kf4 a6 46. Bf1 Nc6 47. Bxa6 Nxb4 48. Bb5 Nc2 49. h5 Kf8 50. e5 Nb4 51. Bc4 Nc6 52. Bd5 Ne7 53. Be4 Kg7 54. Ke3 Ng8 55. Kd4 f6 56. h6+ Nxh6 57. gxh6+ Kf7 58. e6+ 1-0

[Event "BCF-chT1d 1617 (4NCL) Demotion pool"]
[Site "England"]
[Date "2017.03.05"]
[Round "8.88"]
[White "Gilfillan, Andrew"]
[Black "Regan, Natasha"]
[Result "1-0"]
[WhiteElo "1973"]
[BlackElo "2034"]
[PlyCount "33"]
[EventDate "2016.11.19"]
[EventType "team-tourn"]
[EventRounds "4"]
[EventCountry "ENG"]
[SourceTitle "EXT 2018"]
[Source "ChessBase"]
[SourceDate "2017.10.13"]
[SourceVersion "1"]
[SourceVersionDate "2017.10.13"]
[SourceQuality "1"]
[WhiteTeam "Kings Head"]
[BlackTeam "Barbican II"]
[WhiteTeamCountry "ENG"]
[BlackTeamCountry "ENG"]

1. c4 Nf6 2. g3 g6 3. Bg2 Bg7 4. Nc3 0-0 5. e4 d6 6. Nge2 e5 7. d3 Nh5 8. h3 f5 9. exf5 gxf5 10. g4 fxg4 11. hxg4 Nf4 12. Nxf4 exf4 13. Bd5+ Kh8 14. Qf3 Nc6 15. Bxf4 Qe7+ 16. Kf1 Be5 17. Rxh7+ 1-0

[Event "BCF-chT1a 1617 (4NCL)"]
[Site "England"]
[Date "2017.03.04"]
[Round "7.18"]
[White "Steil Antoni, Fiona"]
[Black "Gilfillan, Andrew"]
[Result "1-0"]
[WhiteElo "2141"]
[BlackElo "1973"]
[PlyCount "73"]
[EventDate "2016.11.19"]
[EventType "team-tourn"]
[EventRounds "7"]
[EventCountry "ENG"]
[SourceTitle "EXT 2018"]
[Source "ChessBase"]
[SourceDate "2017.10.13"]
[SourceVersion "1"]
[SourceVersionDate "2017.10.13"]
[SourceQuality "1"]
[WhiteTeam "Cheddleton"]
[BlackTeam "Kings Head"]
[WhiteTeamCountry "ENG"]
[BlackTeamCountry "ENG"]

1. e4 c5 2. Nc3 Nc6 3. f4 e6 4. Nf3 d5 5. Bb5 Nge7 6. Qe2 a6 7. Bxc6+ bxc6 8. d3 g6 9. 0-0 Bg7 10. Rb1 Rb8 11. Na4 0-0 12. Nxc5 Qa5 13. Nb3 Qc7 14. Be3 a5 15. e5 a4 16. Nc5 Ra8 17. g4 h6 18. d4 Kh7 19. Qf2 Ba6 20. Rfe1 Bc4 21. b3 axb3 22. axb3 Bb5 23. Qh4 Ra2 24. Rbc1 Rh8 25. Bd2 Qa7 26. Bb4 Re8 27. c4 dxc4 28. bxc4 Ba4 29. Ne4 Ng8 30. f5 exf5 31. gxf5 Bc2 32. Neg5+ Kh8 33. f6 Bf8 34. e6 Rxe6 35. Bxf8 Rxf6 36. Bxh6 Rf4 37. Qxf4 1-0

[Event "BCF-chT1a 1617 (4NCL)"]
[Site "England"]
[Date "2017.02.11"]
[Round "5.37"]
[White "Povah, Nigel Edward"]
[Black "Gilfillan, Andrew"]
[Result "1-0"]
[WhiteElo "2298"]
[BlackElo "1973"]
[PlyCount "75"]
[EventDate "2016.11.19"]
[EventType "team-tourn"]
[EventRounds "7"]
[EventCountry "ENG"]
[SourceTitle "EXT 2018"]
[Source "ChessBase"]
[SourceDate "2017.10.13"]
[SourceVersion "1"]
[SourceVersionDate "2017.10.13"]
[SourceQuality "1"]
[WhiteTeam "Guildford II"]
[BlackTeam "Kings Head"]
[WhiteTeamCountry "ENG"]
[BlackTeamCountry "ENG"]

1. d4 d5 2. Bg5 f6 3. Bf4 Nc6 4. Nf3 Bg4 5. Nbd2 Nxd4 6. Nxd4 e5 7. h3 Bh5 8. N2b3 Qd7 9. Bh2 exd4 10. Qxd4 Qc6 11. 0-0-0 Ne7 12. g4 Bg6 13. Rd2 a5 14. a4 Qc4 15. Qxc4 dxc4 16. Nc5 c3 17. bxc3 Nd5 18. Rxd5 Bf7 19. Rf5 g6 20. Rxf6 Bxc5 21. Bxc7 Ke7 22. Rf4 Rhc8 23. Be5 g5 24. Rxf7+ Kxf7 25. e3 Ke6 26. Bd4 Bxd4 27. cxd4 Rc3 28. Kb2 Rac8 29. Bd3 R8c7 30. Bxh7 Kd5 31. Bd3 R3c6 32. h4 Rh6 33. h5 Rf7 34. c4+ Kd6 35. Bf5 Kc7 36. Kc3 Rb6 37. h6 Rff6 38. h7 1-0

[Event "BCF-chT2a 1516 (4NCL)"]
[Site "England"]
[Date "2015.11.14"]
[Round "1.236"]
[White "Gilfillan, Andrew"]
[Black "Brett, Andrew"]
[Result "1-0"]
[WhiteElo "1950"]
[BlackElo "2106"]
[PlyCount "81"]
[EventDate "2015.11.14"]
[EventType "team-tourn"]
[EventRounds "7"]
[EventCountry "ENG"]
[SourceTitle "CBM 169 Extra"]
[Source "ChessBase"]
[SourceDate "2015.12.18"]
[SourceVersion "1"]
[SourceVersionDate "2015.12.18"]
[SourceQuality "1"]
[WhiteTeam "Kings Head"]
[BlackTeam "Barbican Youth"]
[WhiteTeamCountry "ENG"]
[BlackTeamCountry "ENG"]

1. c4 Nf6 2. g3 e5 3. Bg2 d5 4. cxd5 Nxd5 5. Nc3 Nb6 6. Nf3 Nc6 7. d3 Be7 8. 0-0 0-0 9. Bd2 Be6 10. h3 f5 11. a3 Bf6 12. Rc1 Kh8 13. b4 e4 14. dxe4 fxe4 15. Nxe4 Bb2 16. Nc5 Bc8 17. Rb1 Bf6 18. Qc2 Qe8 19. e4 Qf7 20. Rbc1 h6 21. Bc3 Bd8 22. b5 Ne7 23. Qd2 Kh7 24. Ne5 Qe8 25. Qd4 Rg8 26. a4 Rh8 27. a5 Qxb5 28. axb6 axb6 29. Ncd7 Ra5 30. Rb1 Qe2 31. Bf3 Qc2 32. Rfc1 Qa4 33. Rb4 Bxd7 34. Rxa4 Bxa4 35. Ra1 c5 36. Qd6 b5 37. Bg4 b4 38. Bb2 g6 39. Nf7 Ra6 40. Qd2 Bb6 41. Qxh6+ 1-0

[Event "SCO-ch 122nd"]
[Site "Edinburgh"]
[Date "2015.07.14"]
[Round "4"]
[White "Berry, Neil"]
[Black "Gilfillan, Andrew"]
[Result "1-0"]
[WhiteElo "2306"]
[BlackElo "1953"]
[PlyCount "89"]
[EventDate "2015.07.11"]
[EventType "swiss"]
[EventRounds "9"]
[EventCountry "SCO"]
[SourceTitle "CBM 167 Extra"]
[Source "ChessBase"]
[SourceDate "2015.09.14"]
[SourceVersion "1"]
[SourceVersionDate "2015.09.14"]
[SourceQuality "1"]

1. d4 e6 2. e4 d5 3. Nc3 dxe4 4. Nxe4 Bd7 5. Nf3 Bc6 6. Bd3 Nf6 7. Nxf6+ gxf6 8. 0-0 Bd6 9. c4 Bxf3 10. Qxf3 Nc6 11. Be3 f5 12. Rfe1 f4 13. Bxf4 Nxd4 14. Qg3 Qe7 15. Bxd6 Qxd6 16. Qxd6 cxd6 17. Rad1 Nc6 18. Re3 Ke7 19. Rg3 Ne5 20. Be2 Rac8 21. b3 Rhg8 22. f4 Ng6 23. Rf3 Nh4 24. Rf2 b5 25. cxb5 Rc2 26. g3 Rxa2 27. Bd3 Rxf2 28. Kxf2 Ng6 29. Ra1 Ra8 30. b6 a5 31. Rxa5 Rb8 32. Ra7+ Kd8 33. Rxf7 Rxb6 34. Rxh7 Ne7 35. Bc2 d5 36. Ke3 Kd7 37. h4 Rc6 38. Bd3 Rb6 39. Bc2 Rc6 40. Kd2 Kd6 41. h5 Rc8 42. h6 Nc6 43. Rg7 Nd4 44. h7 Rxc2+ 45. Kd3 1-0

[Event "SCO-ch 122nd"]
[Site "Edinburgh"]
[Date "2015.07.11"]
[Round "1"]
[White "Orr, Mark JL"]
[Black "Gilfillan, Andrew"]
[Result "1-0"]
[WhiteElo "2260"]
[BlackElo "1953"]
[PlyCount "91"]
[EventDate "2015.07.11"]
[EventType "swiss"]
[EventRounds "9"]
[EventCountry "SCO"]
[SourceTitle "CBM 167 Extra"]
[Source "ChessBase"]
[SourceDate "2015.09.14"]
[SourceVersion "1"]
[SourceVersionDate "2015.09.14"]
[SourceQuality "1"]

1. c4 e5 2. Nc3 Nf6 3. Nf3 Nc6 4. g3 Bb4 5. Bg2 0-0 6. 0-0 d6 7. d3 h6 8. h3 Be6 9. e4 a5 10. Be3 Nd7 11. Nh4 Nd4 12. Bxd4 exd4 13. Ne2 Bc5 14. Kh2 c6 15. f4 f5 16. exf5 Bxf5 17. Nxf5 Rxf5 18. g4 Rf7 19. Ng3 Qf8 20. Qd2 Re8 21. Be4 Bb4 22. Qf2 Re6 23. Qxd4 Bc5 24. Qc3 Rxf4 25. Bf5 Rxf5 26. Nxf5 Re2+ 27. Kh1 Bf2 28. d4 g6 29. Qf3 Rxb2 30. Rxf2 Rxf2 31. Qxf2 gxf5 32. gxf5 Nf6 33. Re1 d5 34. cxd5 cxd5 35. Re6 Kh7 36. Qg3 Qf7 37. Kg2 b5 38. Kf3 Qh5+ 39. Kf4 Qf7 40. Qg6+ Qxg6 41. fxg6+ Kg7 42. Kf5 Ne4 43. Re7+ Kf8 44. Ra7 a4 45. g7+ Kg8 46. Kg6 1-0

[Event "BCF-chT2d 1415 (4NCL) Demotion pool"]
[Site "England"]
[Date "2015.05.03"]
[Round "10.11"]
[White "Gilfillan, Andrew"]
[Black "Bayford, James R"]
[Result "1/2-1/2"]
[WhiteElo "2087"]
[BlackElo "2162"]
[PlyCount "73"]
[EventDate "2015.03.29"]
[EventType "team-tourn"]
[EventRounds "11"]
[EventCountry "ENG"]
[SourceTitle "EXT 2016"]
[Source "ChessBase"]
[SourceDate "2015.10.08"]
[SourceVersion "1"]
[SourceVersionDate "2015.10.08"]
[SourceQuality "1"]
[WhiteTeam "Kings Head"]
[BlackTeam "Anglian Avengers"]
[WhiteTeamCountry "ENG"]
[BlackTeamCountry "ENG"]

1. c4 e5 2. g3 Nc6 3. Bg2 g6 4. Nc3 Bg7 5. d3 Nge7 6. Rb1 a5 7. e3 0-0 8. a3 f5 9. Nge2 d6 10. b4 axb4 11. axb4 Be6 12. Nd5 Qd7 13. 0-0 Rae8 14. f4 Nd8 15. b5 Bf7 16. b6 Nxd5 17. cxd5 c6 18. Qa4 Re7 19. dxc6 Nxc6 20. Rb5 Rc8 21. Bd2 d5 22. Rc5 Ree8 23. Rfc1 Ra8 24. Qb5 Red8 25. R5c2 Qd6 26. fxe5 Qxe5 27. d4 Qe7 28. Nf4 Qd7 29. Rc5 Bf8 30. Nxd5 Kg7 31. Nc7 Bxc5 32. Qxc5 Ra2 33. Bc3 Kg8 34. d5 Qe7 35. Qxe7 Nxe7 36. Bf6 Kf8 37. Rd1 1/2-1/2

[Event "BCF-chT2d 1415 (4NCL) Demotion pool"]
[Site "England"]
[Date "2015.05.02"]
[Round "9.20"]
[White "Gilfillan, Andrew"]
[Black "Grove, Michael"]
[Result "0-1"]
[WhiteElo "2087"]
[BlackElo "2050"]
[PlyCount "102"]
[EventDate "2015.03.29"]
[EventType "team-tourn"]
[EventRounds "11"]
[EventCountry "ENG"]
[SourceTitle "EXT 2016"]
[Source "ChessBase"]
[SourceDate "2015.10.08"]
[SourceVersion "1"]
[SourceVersionDate "2015.10.08"]
[SourceQuality "1"]
[WhiteTeam "Kings Head"]
[BlackTeam "KJCA Kings"]
[WhiteTeamCountry "ENG"]
[BlackTeamCountry "ENG"]

1. c4 Nf6 2. Nc3 e5 3. g3 Bb4 4. Bg2 0-0 5. a3 Bxc3 6. bxc3 Nc6 7. e4 d6 8. d3 h6 9. Rb1 Re8 10. Ne2 Na5 11. 0-0 b6 12. h3 Nb7 13. f4 Nc5 14. f5 Bb7 15. g4 Nh7 16. Ng3 Kh8 17. f6 g5 18. Rb2 Ne6 19. Nf5 Nf4 20. Nxh6 Qxf6 21. Nf5 Nf8 22. h4 N8g6 23. hxg5 Qxg5 24. d4 Bc8 25. Rbf2 Be6 26. d5 Bd7 27. Qf3 Kg8 28. Qg3 f6 29. Qh2 Rad8 30. Bf3 Bc8 31. Qg3 Rd7 32. Rh2 Rh7 33. Rxh7 Kxh7 34. Be3 Rh8 35. Rf2 Kg8 36. Rh2 Rxh2 37. Qxh2 Bxf5 38. Bxf4 Qxf4 39. gxf5 Qc1+ 40. Kf2 Qd2+ 41. Be2 Nf4 42. Qg3+ Kf7 43. Qe3 Qb2 44. c5 Qxa3 45. cxb6 cxb6 46. Qd2 Qc5+ 47. Kf1 Ke7 48. Ba6 Qa3 49. Bb7 Qa1+ 50. Qe1 Qb2 51. Qf2 Qxc3 0-1

[Event "BCF-chT3S 1314 (4NCL)"]
[Site "England"]
[Date "2014.01.12"]
[Round "4.108"]
[White "Gilfillan, Andrew"]
[Black "Fowler, David W"]
[Result "1-0"]
[WhiteElo "1935"]
[BlackElo "1867"]
[PlyCount "39"]
[EventDate "2013.11.16"]
[EventType "team-swiss"]
[EventRounds "6"]
[EventCountry "ENG"]
[SourceTitle "EXT 2015"]
[Source "ChessBase"]
[SourceDate "2014.11.20"]
[SourceVersion "1"]
[SourceVersionDate "2014.11.20"]
[SourceQuality "1"]
[WhiteTeam "Kings Head II"]
[BlackTeam "BCM Hippos III"]
[WhiteTeamCountry "ENG"]
[BlackTeamCountry "ENG"]

1. f4 e5 2. fxe5 d6 3. Nf3 g5 4. e4 g4 5. Bc4 gxf3 6. Qxf3 Be6 7. Bxe6 fxe6 8. 0-0 Ne7 9. d4 Kd7 10. d5 exd5 11. Qh3+ Kc6 12. Qc3+ Kb6 13. exd6 Qxd6 14. Rf6 Ng6 15. Be3+ Ka6 16. Qa3+ Kb5 17. c4+ dxc4 18. Nc3+ Kc6 19. Qa4+ b5 20. Qxb5# 1-0

[Event "High Wycombe e2e4 op 10"]
[Site "High Wycombe"]
[Date "2012.10.14"]
[Round "5"]
[White "Gilfillan, Andrew"]
[Black "Haridas, Girinath"]
[Result "1/2-1/2"]
[WhiteElo "1974"]
[BlackElo "1741"]
[PlyCount "48"]
[EventDate "2012.10.12"]
[EventType "swiss"]
[EventRounds "5"]
[EventCountry "ENG"]
[SourceTitle "EXT 2013"]
[Source "ChessBase"]
[SourceDate "2012.11.22"]
[SourceVersion "1"]
[SourceVersionDate "2012.11.22"]
[SourceQuality "1"]

1. f4 d5 2. e3 c5 3. Nf3 Nf6 4. b3 g6 5. Bb2 Bg7 6. Be2 0-0 7. 0-0 Nc6 8. Qe1 Bf5 9. Na3 a6 10. Nh4 Be6 11. f5 Bd7 12. g4 Ne4 13. Bxg7 Kxg7 14. d3 Nd6 15. Qc3+ d4 16. Qxc5 b6 17. f6+ Kg8 18. Qd5 dxe3 19. Ng2 Ne8 20. fxe7 Qxe7 21. Nc4 Nc7 22. Qe4 Qxe4 23. dxe4 Nd4 24. Rae1 Nxe2+ 1/2-1/2

[Event "High Wycombe e2e4 op 10"]
[Site "High Wycombe"]
[Date "2012.10.13"]
[Round "3"]
[White "Gilfillan, Andrew"]
[Black "Verma, Aditya"]
[Result "1-0"]
[WhiteElo "1974"]
[BlackElo "1606"]
[PlyCount "55"]
[EventDate "2012.10.12"]
[EventType "swiss"]
[EventRounds "5"]
[EventCountry "ENG"]
[SourceTitle "EXT 2013"]
[Source "ChessBase"]
[SourceDate "2012.11.22"]
[SourceVersion "1"]
[SourceVersionDate "2012.11.22"]
[SourceQuality "1"]

1. f4 d5 2. e3 Nf6 3. Nf3 c5 4. b3 Nc6 5. Bb2 Bg4 6. Be2 e6 7. 0-0 Be7 8. Qe1 0-0 9. Nc3 Qc7 10. Qg3 Bf5 11. d3 Qb6 12. Nh4 Bg6 13. f5 exf5 14. Rxf5 Rad8 15. Raf1 d4 16. Na4 Qa5 17. e4 Qd2 18. R5f2 b5 19. Bc1 Qa5 20. Nb2 Qxa2 21. Nf5 Bxf5 22. Rxf5 Rfe8 23. e5 Nd5 24. Rxf7 Bf8 25. Bh6 g6 26. Bxf8 Qxb2 27. Qh4 Rxf8 28. Qxh7# 1-0

[Event "BCF-chT2 1011 (4NCL)"]
[Site "England"]
[Date "2011.05.01"]
[Round "10.55"]
[White "Gilfillan, Andrew"]
[Black "Shaw, Peter"]
[Result "0-1"]
[WhiteElo "1978"]
[BlackElo "2164"]
[PlyCount "134"]
[EventDate "2010.11.06"]
[EventType "team-swiss"]
[EventRounds "11"]
[EventCountry "ENG"]
[SourceTitle "EXT 2012"]
[Source "ChessBase"]
[SourceDate "2011.11.24"]
[SourceVersion "1"]
[SourceVersionDate "2011.11.24"]
[SourceQuality "1"]
[WhiteTeam "Kings Head"]
[BlackTeam "White Rose II"]
[WhiteTeamCountry "ENG"]
[BlackTeamCountry "ENG"]

1. e4 c6 2. d4 d5 3. e5 Bf5 4. Nf3 e6 5. Be2 c5 6. c3 Nc6 7. 0-0 cxd4 8. cxd4 Nge7 9. a3 Nc8 10. Nc3 Be7 11. Be3 Nb6 12. b3 0-0 13. Qd2 Rc8 14. Rfc1 a6 15. Ne1 f6 16. f4 fxe5 17. fxe5 Nd7 18. Nf3 Bg4 19. Nd1 Qe8 20. Nf2 Bf5 21. Bg5 h6 22. Bxe7 Qxe7 23. Nd3 Be4 24. Nf2 Bg6 25. Rc3 Na7 26. Nd3 Rxc3 27. Qxc3 Rc8 28. Qb2 Be4 29. b4 Bxd3 30. Bxd3 Nb6 31. Rc1 Rxc1+ 32. Qxc1 Nc4 33. Bb1 Nc6 34. Qc2 Qf7 35. Qd3 g5 36. Nd2 Nxd2 37. Qxd2 Qf4 38. Qc2 Qxd4+ 39. Kh1 Qxe5 40. Qh7+ Kf8 41. Qxh6+ Ke7 42. Qh7+ Kd6 43. h3 Ne7 44. Qc2 Qe3 45. Kh2 Nf5 46. Ba2 Qxa3 47. Qd2 Qg3+ 48. Kh1 Ne3 49. Kg1 g4 50. h4 Nf5 51. h5 Qh4 52. Qf4+ Kd7 53. g3 Qxh5 54. Bb3 Qh6 55. Ba4+ b5 56. Qxh6 Nxh6 57. Bd1 Kd6 58. Kf2 Ke5 59. Ke3 Nf5+ 60. Kf2 Kd4 61. Bxg4 Kc3 62. Bf3 Nxg3 63. Kxg3 Kxb4 64. Kf4 Kc5 65. Ke5 b4 66. Kxe6 d4 67. Ke5 d3 0-1

[Event "BCF-chT2 0708 (4NCL)"]
[Site "Sunningdale"]
[Date "2008.05.05"]
[Round "11.5"]
[White "Gilfillan, Andrew"]
[Black "Flear, Christine"]
[Result "1-0"]
[WhiteElo "2130"]
[BlackElo "2142"]
[PlyCount "79"]
[EventDate "2007.09.15"]
[EventType "team-tourn"]
[EventRounds "11"]
[EventCountry "ENG"]
[SourceTitle "EXT 2023"]
[Source "ChessBase"]
[SourceDate "2022.10.05"]
[SourceVersion "1"]
[SourceVersionDate "2022.10.05"]
[SourceQuality "1"]
[WhiteTeam "Kings Head"]
[BlackTeam "Pride and Prejudice"]
[WhiteTeamCountry "ENG"]
[BlackTeamCountry "ENG"]

1. e4 c5 2. Nc3 Nc6 3. Nf3 a6 4. d4 cxd4 5. Nxd4 e6 6. Be2 Qc7 7. 0-0 Nf6 8. Bg5 Be7 9. a4 h6 10. Be3 b6 11. Nb3 Bb7 12. f4 Nb4 13. Bd3 0-0 14. a5 b5 15. Qe2 Rac8 16. Rae1 Qb8 17. Kh1 Qa8 18. Bd4 d6 19. Rf3 Nc6 20. Be3 Rfd8 21. Rg3 Kh8 22. Rf1 Re8 23. f5 exf5 24. Rxf5 Ne5 25. Bd4 b4 26. Nd5 Bxd5 27. exd5 Ng6 28. Qd2 Kh7 29. Rf1 Rf8 30. Bf5 Rb8 31. Qd3 Nh5 32. Bxg6+ fxg6 33. Qxg6+ Kg8 34. Qe6+ Kh7 35. Qg6+ Kg8 36. Rxf8+ Rxf8 37. Qxh5 Rf1+ 38. Bg1 Qa7 39. Qe8+ Kh7 40. Qg6+ 1-0

[Event "BCF-chT2 0304 (4NCL)"]
[Site "West Bromwich"]
[Date "2003.10.18"]
[Round "1.7"]
[White "Punnett, Alan Kenneth"]
[Black "Gilfillan, Andrew"]
[Result "1/2-1/2"]
[WhiteElo "2139"]
[BlackElo "2024"]
[PlyCount "97"]
[EventDate "2003.11.17"]
[EventType "team"]
[EventRounds "11"]
[EventCountry "ENG"]
[SourceTitle "EXT 2005"]
[Source "ChessBase"]
[SourceDate "2004.11.15"]
[SourceVersion "1"]
[SourceVersionDate "2004.11.15"]
[SourceQuality "1"]
[WhiteTeam "Guildford II"]
[BlackTeam "Kings Head"]
[WhiteTeamCountry "ENG"]
[BlackTeamCountry "ENG"]

1. e4 d5 2. exd5 Nf6 3. d4 Bg4 4. Be2 Bxe2 5. Qxe2 Qxd5 6. Nf3 Nc6 7. 0-0 e6 8. Nc3 Qf5 9. Rd1 0-0-0 10. Be3 Rg8 11. a3 g5 12. Qd3 Qg4 13. Qb5 a6 14. Qa4 Bd6 15. b4 Nd5 16. Nxd5 exd5 17. b5 Nb8 18. bxa6 Nxa6 19. Rab1 c6 20. c4 Qf5 21. Qb3 Rd7 22. Ne5 Bxe5 23. dxe5 dxc4 24. Qxc4 Rgd8 25. Qe2 Qxe5 26. Rxd7 Rxd7 27. Qg4 h6 28. h4 f5 29. Qc4 f4 30. Bb6 Nc7 31. hxg5 hxg5 32. Qg8+ Rd8 33. Bxc7 Qxc7 34. Qxg5 Re8 35. Rd1 Kb8 36. Qf5 c5 37. Rc1 c4 38. Qd5 Rc8 39. Rc3 Qc5 40. Qxc5 Rxc5 41. Kf1 Kc7 42. Ke2 Kd6 43. Kd2 Ke5 44. g3 b5 45. Rf3 fxg3 46. Rxg3 Kf4 47. Kc3 Rg5 48. Rh3 Rg1 49. a4 1/2-1/2

[Event "BCF-chT2 0001 (4NCL)"]
[Site "Birmingham"]
[Date "2001.01.27"]
[Round "5.7"]
[White "Gilfillan, Andrew"]
[Black "Bourne, Johnathan"]
[Result "0-1"]
[WhiteElo "2040"]
[BlackElo "2024"]
[PlyCount "58"]
[EventDate "2000.11.26"]
[EventType "team"]
[EventRounds "11"]
[EventCountry "ENG"]
[SourceTitle "CBM 079 Extra"]
[Source "ChessBase"]
[SourceDate "2001.01.11"]
[SourceVersion "2"]
[SourceVersionDate "2001.01.25"]
[SourceQuality "1"]
[WhiteTeam "Kigns Head"]
[BlackTeam "WIT"]
[WhiteTeamCountry "ENG"]
[BlackTeamCountry "ENG"]

1. e4 c5 2. Nc3 Nc6 3. f4 g6 4. Nf3 Bg7 5. Bb5 e6 6. Bxc6 bxc6 7. e5 d5 8. 0-0 Ba6 9. d3 Ne7 10. Kh1 Rb8 11. b3 Nf5 12. Na4 c4 13. dxc4 Bf8 14. g4 Nh6 15. Ng5 dxc4 16. Ne4 Be7 17. Qe2 Qa5 18. Qf3 cxb3 19. Nd6+ Kf8 20. f5 g5 21. c4 Qxe5 22. Nxf7 Nxf7 23. fxe6 Qxe6 24. Bb2 Bxc4 25. Kg1 Bd5 26. Qg3 Bd6 27. Rxf7+ Kxf7 28. Rf1+ Ke7 29. Qc3 Qxg4+ 0-1

[Event "BCF-chT2 9900 (4NCL)"]
[Site "Birmingham"]
[Date "2000.05.01"]
[Round "11.7"]
[White "Tidman, Sophie E"]
[Black "Gilfillan, Andrew"]
[Result "0-1"]
[WhiteElo "2072"]
[BlackElo "1976"]
[PlyCount "84"]
[EventDate "1999.10.??"]
[EventType "team"]
[EventRounds "11"]
[EventCountry "ENG"]
[SourceTitle "EXT 2001"]
[Source "ChessBase"]
[SourceDate "2000.11.22"]
[SourceVersion "1"]
[SourceVersionDate "2000.11.22"]
[SourceQuality "1"]
[WhiteTeam "Bristol II"]
[BlackTeam "Kings Head"]
[WhiteTeamCountry "ENG"]
[BlackTeamCountry "ENG"]

1. e4 d5 2. exd5 Nf6 3. c4 e6 4. dxe6 Bxe6 5. Nf3 Nc6 6. d4 Bb4+ 7. Nc3 Ne4 8. Bd2 Nxd2 9. Qxd2 Qf6 10. 0-0-0 0-0-0 11. d5 Bg4 12. Be2 Rhe8 13. Rhe1 Bd6 14. Qc2 Nb4 15. Qb3 Qf5 16. Rd2 Bxf3 17. gxf3 Na6 18. Qc2 Qxc2+ 19. Kxc2 Bxh2 20. Rh1 Bf4 21. Rdd1 h6 22. a3 Nc5 23. Rh4 Bg5 24. Rhh1 g6 25. b4 Nd7 26. c5 f5 27. Bc4 Ne5 28. Bb5 c6 29. dxc6 bxc6 30. Ba6+ Kc7 31. b5 Nxf3 32. bxc6 h5 33. Bb7 Kb8 34. Rd6 Nd4+ 35. Kd3 Ne6 36. Kc4 Nc7 37. Rxg6 Ne6 38. Rxh5 Rd4+ 39. Kb3 Nxc5+ 40. Ka2 Rd2+ 41. Ka1 Re1+ 42. Nb1 Nb3# 0-1

[Event "BCF-chT2 9900 (4NCL)"]
[Site "Birmingham"]
[Date "2000.01.23"]
[Round "6.6"]
[White "Walton, Alan J"]
[Black "Gilfillan, Andrew"]
[Result "1/2-1/2"]
[WhiteElo "1928"]
[BlackElo "1976"]
[PlyCount "77"]
[EventDate "1999.10.??"]
[EventType "team"]
[EventRounds "11"]
[EventCountry "ENG"]
[SourceTitle "EXT 2001"]
[Source "ChessBase"]
[SourceDate "2000.11.22"]
[SourceVersion "1"]
[SourceVersionDate "2000.11.22"]
[SourceQuality "1"]
[WhiteTeam "Numerica 3CS"]
[BlackTeam "Kings Head"]
[WhiteTeamCountry "ENG"]
[BlackTeamCountry "ENG"]

1. d4 d5 2. Bg5 g6 3. e3 Bg7 4. c4 c6 5. Nc3 Nf6 6. Nf3 0-0 7. Be2 Nbd7 8. 0-0 Nb6 9. Nd2 Be6 10. b3 Rc8 11. Rc1 Qd7 12. Re1 Rfd8 13. c5 Na8 14. b4 Nc7 15. a4 Bf5 16. Qb3 Ne6 17. Bxf6 Bxf6 18. g4 Nxd4 19. exd4 Bxg4 20. Nf3 Qf5 21. Qc2 Qf4 22. Qd2 Qf5 23. Qc2 Qf4 24. Qd3 h5 25. Rcd1 Kg7 26. Kg2 Rh8 27. Ng1 Bh4 28. Qe3 Qxe3 29. fxe3 Bxe1 30. Rxe1 Bf5 31. Nf3 f6 32. Kf2 Kf7 33. Nd2 g5 34. e4 dxe4 35. Ndxe4 Rcd8 36. Bc4+ Kg7 37. Ke3 Rhe8 38. Rf1 Bg4 39. Rf2 1/2-1/2